| 000 | 00693 am a2200229 a 4500 | ||
|---|---|---|---|
| 005 | 20240627104534.0 | ||
| 008 | 100924s1993||||ag # f |||| 001 0 spa d | ||
| 020 | _a9507012621 | ||
| 041 | _aspa | ||
| 092 |
_c150.19 _l48 _sCAR |
||
| 100 | 1 |
_aCarretero, Mario. _91517 |
|
| 245 |
_aConstructivismo y educación / _cMario Carretero. |
||
| 250 | _a3a ed. | ||
| 260 |
_aBuenos Aires: _bAique; _c1993. |
||
| 300 | _a126 p. | ||
| 500 | _aCarretero, M. (1993). Constructivismo y educación. (3a ed.). Buenos Aires : Aique. | ||
| 653 | _aQué es el constructivismo? | ||
| 653 | _aDesarrollo cognitivo y aprendizaje | ||
| 653 | _aComprensión y motivación | ||
| 930 | _a204 | ||
| 942 |
_2ddc _cBK |
||
| 999 |
_c761 _d761 |
||